Vista normal
Vista MARC
Entrada Materia (tema)
Número de registros utilizados en: 1
001 - CONTROL NUMBER
- control field: 187228
003 - CONTROL NUMBER IDENTIFIER
- control field: Co-BoUCM
005 - DATE AND TIME OF LATEST TRANSACTION
- control field: 20251107081312.0
008 - FIXED-LENGTH DATA ELEMENTS
- fixed length control field: 251107|| aca||aabn | a|a d
040 ## - CATALOGING SOURCE
- Original cataloging agency: Co-BoUCM
- Transcribing agency: Co-BoUCM
150 ## - HEADING--TOPICAL TERM
- Topical term or geographic name as entry element: Epistemología
- General subdivision: Modelos epistémicos
670 ## - SOURCE DATA FOUND
- Source citation: Work cat.: (Co-BoUCM): Ortiz Ocaña, Alexander 187226, Investigación cualitativa y decolonial, 2023